Combates y secuestros enturbian negociación de paz
El ejército y el FMLN continúan con enfrentamientos, al tiempo que se llevan a cabo las negociaciones de paz en México. Un tema esencial de discusión en éstas, es el proceso judicial a militares por el asesinato de seis sacerdotes jesuitas y dos mujeres en noviembre de 1989 si el caso se lleva a ju...
Αποθηκεύτηκε σε:
| Μορφή: | Κείμενο |
|---|---|
| Γλώσσα: | Spanish |
| Θέματα: | |
| Ετικέτες: |
Προσθήκη ετικέτας
Δεν υπάρχουν, Καταχωρήστε ετικέτα πρώτοι!
|
MARC
| LEADER | 00000 a a2200000 04500 | ||
|---|---|---|---|
| 001 | 2820 | ||
| 003 | cru IIS | ||
| 005 | 20211108133856.0 | ||
| 008 | 211108b |||||||| |||| 00| 0 spa d | ||
| 040 | |c cru IIS | ||
| 245 | |a Combates y secuestros enturbian negociación de paz | ||
| 500 | |a Colección Centroamérica | ||
| 520 | |a El ejército y el FMLN continúan con enfrentamientos, al tiempo que se llevan a cabo las negociaciones de paz en México. Un tema esencial de discusión en éstas, es el proceso judicial a militares por el asesinato de seis sacerdotes jesuitas y dos mujeres en noviembre de 1989 |a si el caso se lleva a juicio sería la primera vez en la historia que un tribunal civil juzgue a oficiales del ejército. Por otro lado se denuncia una nueva ola de secuestros de industriales, comerciales y sus familias, los cuales podrían ser obra de la ultra derecha, con el propósito de evitar que las negociaciones entre la guerrilla y el Gobierno prosperen. VJ/JM | ||
| 650 | |a PAZ | ||
| 650 | |a VIOLENCIA | ||
| 650 | |a FUERZAS ARMADAS | ||
| 650 | |a ORGANIZACIONES REVOLUCIONARIAS | ||
| 650 | |a GUERRILLEROS | ||
| 650 | |a DEMOCRATIZACION | ||
| 773 | |g número 55; páginas 4-6 | ||
| 773 | 0 | |0 42570 |9 4861 |a Universidad de Costa Rica |d San José, Costa Rica CSUCA; Universidad de Costa Rica, 1988- |o MFN: 1206 |t Centroamérica Hoy/ | |
| 942 | |2 ddc |c PP | ||
| 999 | |c 26805 |d 26805 | ||
